Eduard HLAWITSCHKA, Konradiner-Genealogie, unstatthafte Verwandtenehen und spätottonisch-frühsalische Thronbesetzung. Ein Rückblick auf 25 Jahre Forschungsdisput, Hanovre, Hahnsche Buchhandlung, 2003; 1 vol. in-8°, XX-220 p. (M.G.H., Studien und Texte, 32). ISBN : 3-7752-5732-2. Prix : €30,00. (notice n° 1656444)
[ vue normale ]
| 000 -LEADER | |
|---|---|
| fixed length control field | 00725cam a2200145 4500500 |
| 005 - DATE AND TIME OF LATEST TRANSACTION | |
| control field | 20260208010423.0 |
| 041 ## - LANGUAGE CODE | |
| Language code of text/sound track or separate title | fre |
| 042 ## - AUTHENTICATION CODE | |
| Authentication code | dc |
| 100 10 - MAIN ENTRY--PERSONAL NAME | |
| Personal name | Moeglin, Jean-Marie |
| Relator term | author |
| 245 00 - TITLE STATEMENT | |
| Title | Eduard HLAWITSCHKA, Konradiner-Genealogie, unstatthafte Verwandtenehen und spätottonisch-frühsalische Thronbesetzung. Ein Rückblick auf 25 Jahre Forschungsdisput, Hanovre, Hahnsche Buchhandlung, 2003; 1 vol. in-8°, XX-220 p. (M.G.H., Studien und Texte, 32). ISBN : 3-7752-5732-2. Prix : €30,00. |
| 260 ## - PUBLICATION, DISTRIBUTION, ETC. | |
| Date of publication, distribution, etc. | 2005.<br/> |
| 500 ## - GENERAL NOTE | |
| General note | 1 |
| 786 0# - DATA SOURCE ENTRY | |
| Note | Le Moyen Age | CXI | 2 | 2005-09-01 | p. XLVII-XLVII | 0027-2841 |
| 856 41 - ELECTRONIC LOCATION AND ACCESS | |
| Uniform Resource Identifier | <a href="https://shs.cairn.info/revue-le-moyen-age-2005-2-page-XLVII?lang=fr&redirect-ssocas=7080">https://shs.cairn.info/revue-le-moyen-age-2005-2-page-XLVII?lang=fr&redirect-ssocas=7080</a> |
Pas d'exemplaire disponible.




Réseaux sociaux